| 000 | 01467nam a22003015i 4500 | ||
|---|---|---|---|
| 001 | 164601 | ||
| 003 | ES-MaACL | ||
| 005 | 20250814080103.0 | ||
| 008 | 950206s1884 sp a |||| | spa d | ||
| 080 | _a679.8.02 | ||
| 100 | 1 |
_aSánchez Pérez, Antonio. _9102840 |
|
| 245 | 1 | 0 |
_aManual del cantero y marmolista / _cpor Antonio Sánchez Pérez. |
| 260 |
_aMadrid : _bEst. Tip. Editorial de G. Estrada, _c1884. |
||
| 300 |
_a206 p., [1] h. pleg. de lám. ; _c18 cm. |
||
| 490 | 1 | _aBiblioteca enciclopédica popular ilustrada. Seccion 1ª. Artes y oficios | |
| 505 | 8 | _aContiene: Primera parte: Manual de cantería . Segunda parte: Manual del marmolista . Tercera parte: Riqueza de España en mármoles y piedras de construcción ; Noticia de las piedras de construcción españolas, por regiones ; Islas adyacentes, Antillas y Filipinas ; Noticia de mármoles españoles, por provincias | |
| 596 | _aMarca tip. en port.: "Estrada" | ||
| 599 | _aLám.: "Por F.W. Kraus" | ||
| 650 | 4 |
_aCantería. _9172761 |
|
| 650 | 4 |
_aMármol. _9165731 |
|
| 650 | 4 |
_aPiedras de construcción. _9161096 |
|
| 700 | 1 |
_aEstrada, Gregorio. _9126979 |
|
| 752 |
_aEspaña - _dMadrid |
||
| 830 | 1 | 0 |
_aBiblioteca enciclopédica popular ilustrada. _pArtes y oficios _9187687 |
| 852 |
_aES-MaACL _jF-13634 _z- Enc. hol., conservando cub. original |
||
| 856 |
_uhttp://bdh-rd.bne.es/viewer.vm?id=0000086111&page=1 _zBiblioteca Digital Hispánica |
||
| 999 |
_c164601 _d164601 |
||